| 000 | 00720cam a2200193 4500 | ||
|---|---|---|---|
| 001 | ##L132008 | ||
| 008 | 051220n1996 000 0 eng u | ||
| 020 | _a0952162520 | ||
| 035 | _a(Sirsi) u132008 | ||
| 041 | 0 | _aeng | |
| 050 | _a346.043 | ||
| 100 | 1 | _aBarsby, A. W. | |
| 245 | 0 | 0 | _aManorial law |
| 260 |
_aEpsom _bLegal Research and Publishing _c1996 |
||
| 300 |
_aiv, 155p. _c25cm. |
||
| 520 | _aTraces the legal history of the manor from its medieval origins and explains its current importance. Written for lawyers and non-lawyers. Separate chapters deal with: Commons -- Mines and minerals -- Franchises -- Sporting rights -- Manorial documents and conveyancing. | ||
| 700 | 1 | _aBarsby, Clare | |
| 942 | _n0 | ||
| 999 |
_c104961 _d104961 |
||